000 00999cam a2200265 a 4500
001 000011619
005 20200929162514.0
008 910417s1990 cu b 000 0 spa
040 _aDO-SdBNP
_bspa
_cDLC
_dBNPHU
082 _a730
_bM827a
100 1 _aMorais, Frederico.
_927489
245 1 4 _aLas artes plásticas en la América Latina :
_bdel trance a lo transitorio /
_cFrederico Morais ; traducción, Julia Calzadilla ; edición, César Ramos.
260 _aCiudad de La Habana, (Cuba) :
_bCasa de las Américas,
_cc1990.
300 _a121 p. ;
_c23 cm.
490 1 _aNuestros países
_aEstudios
504 _aBibliografía: (p. 119-120).
650 4 _aArte latinoamericano
_927490
650 4 _aArte y sociedad
_zAmérica Latina
_927491
650 4 _aArte y estado
_zAmérica Latina
_927492
700 1 _aCalzadilla, Julia,
_etr.
_922018
700 1 _aRamos, César,
_eed.
_913341
830 0 _aNuestros países,
_pEstudios.
_927493
910 _aCatalogación por copia / LC
049 _aBNGR
999 _c11312
_d11312